The new trigonometry on your own, (Record no. 543874)
[ view plain ]
| 000 -LEADER | |
|---|---|
| fixed length control field | 00603cam a22001811 4500 |
| 082 ## - DEWEY DECIMAL CLASSIFICATION NUMBER | |
| Classification number | 516.24 |
| Author Mark | BAH |
| -- | L-4, P-19. |
| 100 1# - MAIN ENTRY--PERSONAL NAME | |
| Personal name | Bahm, L. B. |
| 9 (RLIN) | 39376 |
| 245 14 - TITLE STATEMENT | |
| Title | The new trigonometry on your own, |
| Statement of responsibility, etc. | by L.H. Balm [i.e. L.B. Bahm] Editors: R.F. Graesser and Jerome H. Kanner. |
| 260 ## - PUBLICATION, DISTRIBUTION, ETC. | |
| Place of publication, distribution, etc. | Paterson, N.J., |
| Name of publisher, distributor, etc. | Littlefield, Adams, |
| Date of publication, distribution, etc. | 1964. |
| 300 ## - PHYSICAL DESCRIPTION | |
| Extent | 135 p. |
| Other physical details | illus. |
| Dimensions | 21 cm. |
| 490 0# - SERIES STATEMENT | |
| Series statement | Littlefield quality paperbacks |
| 500 ## - GENERAL NOTE | |
| General note | "No. 10." |
| 500 ## - GENERAL NOTE | |
| General note | Includes index. |
| 526 ## - STUDY PROGRAM INFORMATION NOTE | |
| Program name | 0 |
| Interest level | 0 |
| Reading level | 0 |
| Title point value | 516_240000000000000_BAH |
| 650 #0 - SUBJECT ADDED ENTRY--TOPICAL TERM | |
| Topical term or geographic name entry element | MCE |
| 9 (RLIN) | 379 |
| 650 #0 - SUBJECT ADDED ENTRY--TOPICAL TERM | |
| Topical term or geographic name entry element | Plane trigonometry. |
| 9 (RLIN) | 39132 |
| 942 ## - ADDED ENTRY ELEMENTS (KOHA) | |
| Source of classification or shelving scheme | |
| Koha item type | Book |
| Withdrawn status | Lost status | Source of classification or shelving scheme | Damaged status | Not for loan | Permanent Location | Current Location | Date acquired | Total Checkouts | Full call number | Barcode | Date last seen | Price effective from | Koha item type |
|---|---|---|---|---|---|---|---|---|---|---|---|---|---|
| Military College of Engineering (MCE) | Military College of Engineering (MCE) | 04/04/2014 | 516.24 BAH | MCE-15831 | 04/04/2014 | 04/04/2014 | Book |
